00422nam a22001457a 4500008004100000020001800041040005500059080002400114100001700138245002800155260004700183300001500230650001500245653001600260230524b |||||||| |||| 00| 0 eng d a0-85365-747-5 aNational Science LibrarycNational Science Library aR 801.311(038) bM6 aViney, Nigel aDictionary of toponyms  aLondon: bThe Libraray Association, c1986 aviii, 87p. aLiterature aGazetteers